| 000 | 00858nam a2200313Ia 4500 | ||
|---|---|---|---|
| 001 | Z_994 | ||
| 003 | CHAP | ||
| 008 | 220113s1989 xx 000 0 und d | ||
| 010 | _a164070 | ||
| 020 | _a968-18-3276-0 | ||
| 040 | _cCHAP | ||
| 082 | _a630.68 A34 1989 | ||
| 100 |
_aAguilar Valdés, Alfredo _92867 |
||
| 245 |
_aAdministración agropecuaria : trabajo colectivo de investigación académica / _cAlfredo Aguilar Valdés [et al.] |
||
| 250 | _a4a ed. | ||
| 260 |
_aMéxico : _bLimusa, _c1989 |
||
| 300 | _a973 p. : | ||
| 503 | _aej.1: | ||
| 504 | _aIcluye bibliografía e índice | ||
| 650 |
_aAdministración rural _9138129 |
||
| 650 |
_aAgricultura _xAspectos económicos _91196 |
||
| 650 |
_aAgricultura _xLeyes _91720 |
||
| 901 | _a630.68 A34 1989 | ||
| 902 | _aM | ||
| 910 | _a1989 | ||
| 942 | _c1 | ||
| 942 | _cc1 | ||
| 999 |
_c164070 _d164070 |
||